| 000 | 00866nam a2200241 a 4500 | ||
|---|---|---|---|
| 999 |
_c5225 _d5225 |
||
| 001 | 5225 | ||
| 003 | BD-JhCC | ||
| 005 | 20171213090023.0 | ||
| 008 | 171210s1967 bg | ||| ||a| 000 0 ben d | ||
| 035 | _a(BD-JhCC)5225 | ||
| 040 |
_aBD-JhCC _dBD-JhCC |
||
| 041 | _aben | ||
| 082 |
_a338.91 _bBUK 1967 |
||
| 100 | _aবুকানন, এস. | ||
| 245 |
_aঅর্থনৈতিক উন্নয়নের গতিপ্রকৃতি / _cএস. বুকানন ও হাওয়ার্ড এম. এলিস, মোস্তফা কামাল (সম্পা.) |
||
| 260 |
_aঢাকা : _bবাংলা একাডেমী, _c১৯৬৭. |
||
| 300 |
_a615 p. : _c21 cm. |
||
| 650 | _aEconomic Policy | ||
| 650 | _aEconomic Development | ||
| 700 | _aকামাল, মোস্তফা | ||
| 942 |
_2ddc _cBK |
||